Jugar y contar en el preescolar

Uloženo v:
Podrobná bibliografie
Hlavní autoři: Benet, I (Autor), Bernaus, C (Autor), Jiménez, I (Autor), Oliveras, A (Autor), Rius, D (Autor)
Další autoři: Martín, C. (autor)
Médium: Kniha
Jazyk:španělština
Vydáno: Barcelona Vicens Vives Primaria S.A 1997
Vydání:1a. ed
Témata:
Tagy: Přidat tag
Žádné tagy, Buďte první, kdo vytvoří štítek k tomuto záznamu!

MARC

LEADER 00000nam a2200000 a 4500
001 UCH0540
003 CL-VaPUC
008 090312e19970000SP |||||||||||||||||spa|d
020 |a 8431637811 
082 0 4 |a 372.72  |b BEN  |2 21 
100 0 |a Benet, I  |e author  |9 534738 
700 0 |a Bernaus, C  |e author  |9 534739 
700 0 |a Jiménez, I  |e author  |9 534740 
700 |a Martín, C.  |e autor  |9 534741 
700 0 |a Oliveras, A  |e author  |9 534742 
700 0 |a Rius, D  |e author  |9 534743 
245 1 0 |a Jugar y contar en el preescolar 
250 |a 1a. ed 
300 |a 215 p 
942 |c BK 
945 |d 20090312 00:00:00  |a dcastane 
260 |a Barcelona  |b Vicens Vives Primaria S.A  |c 1997 
650 7 |a PREESCOLAR NIÑOS 5 A 6 AÑOS  |2 CL-VaPUC  |9 534744 
650 0 |a Educación preescolar  |9 260381 
650 0 |a Educación básica   |9 224933 
650 0 |a Matemáticas  |x Enseñanza  |9 875527 
650 0 |a Métodos de enseñanza  |9 270413 
583 |a last modification  |c 20090312 00:00:00  |k Rodrigo Vera 
999 |c 332834  |d 332832 
952 |0 0  |1 0  |4 0  |6 372_720000000000000_BEN_1997  |7 0  |8 A  |9 420827  |a BIBEDU  |b BIBEDU  |d 2019-11-22  |i 4515870  |o 372.72 BEN 1997  |p 4515870  |r 2019-11-22  |w 2019-11-22  |y BK  |k PAR